Lectures on Raja yoga / (Record no. 891744)

MARC details
000 -LEADER
fixed length control field 01032nam a2200325 a 4500
001 - CONTROL NUMBER
control field vtls001438689
003 - CONTROL NUMBER IDENTIFIER
control field NLI
005 - DATE AND TIME OF LATEST TRANSACTION
control field 20210627122020.0
008 - FIXED-LENGTH DATA ELEMENTS--GENERAL INFORMATION
fixed length control field 121130s1991 ii 000 0 eng
020 ## - INTERNATIONAL STANDARD BOOK NUMBER
International Standard Book Number 8170520819 (pbk.)
Terms of availability Rs. 20.00
039 #9 - LEVEL OF BIBLIOGRAPHIC CONTROL AND CODING DETAIL [OBSOLETE]
Level of rules in bibliographic description 201308161516
Level of effort used to assign nonsubject heading access points santanuc
Level of effort used to assign subject headings 201308161514
Level of effort used to assign classification santanuc
-- 201211301643
-- VLOAD
040 ## - CATALOGING SOURCE
Original cataloging agency NLI
Language of cataloging eng
Transcribing agency Datasoft_GENG
Description conventions AACR2
041 0# - LANGUAGE CODE
Language code of text/sound track or separate title eng
044 ## - COUNTRY OF PUBLISHING/PRODUCING ENTITY CODE
MARC country code ii
082 04 - DEWEY DECIMAL CLASSIFICATION NUMBER
Classification number 181.45
100 0# - MAIN ENTRY--PERSONAL NAME
Personal name Chidananda,
Titles and words associated with a name Swami,
Dates associated with a name 1916-
9 (RLIN) 758001
245 10 - TITLE STATEMENT
Title Lectures on Raja yoga /
Statement of responsibility, etc. Chidananda
260 ## - PUBLICATION, DISTRIBUTION, ETC.
Place of publication, distribution, etc. Tehri -Garhwal :
Name of publisher, distributor, etc. Divine Society,
Date of publication, distribution, etc. 1991
300 ## - PHYSICAL DESCRIPTION
Extent 160 p. ;
Dimensions 18 cm.
650 #0 - SUBJECT ADDED ENTRY--TOPICAL TERM
Topical term or geographic name entry element Yoga
9 (RLIN) 676732
650 #0 - SUBJECT ADDED ENTRY--TOPICAL TERM
Topical term or geographic name entry element Philosophy, Indic
650 #0 - SUBJECT ADDED ENTRY--TOPICAL TERM
Topical term or geographic name entry element Philosophy, Hindu
887 ## - NON-MARC INFORMATION FIELD
Content of non-MARC field
901 ## - LOCAL DATA ELEMENT A, LDA (RLIN)
a DB60507 (cop.4)
b 31.10.1991
902 ## - LOCAL DATA ELEMENT B, LDB (RLIN)
a E 181.45 C 434
904 ## - LOCAL DATA ELEMENT D, LDD (RLIN)
l 2153
949 ## - LOCAL PROCESSING INFORMATION (OCLC)
-- VIRTUAITEM
-- 10000
-- 4
-- 100
6 DBA000060507ENG
942 ## - ADDED ENTRY ELEMENTS (KOHA)
Source of classification or shelving scheme Dewey Decimal Classification
Koha item type Books
Holdings
Withdrawn status Lost status Damaged status Not for loan Collection code Home library Current library Shelving location Date acquired Total Checkouts Full call number Barcode Date last seen Price effective from Koha item type
        New English National Library of India National Library of India New English - Main Stack Division     E 181.45 C 434 DBA000060507ENG 27/06/2021 27/06/2021 Books
                                                                           
web counter

Copyright ©2020 The National Library of India, Govt. of India ↔ Hosted by NVLI, MOC ↔ Technology and Design by National Library of India, Ministry of Culture, Govt. of India